01166cas a2200265 a 45000010009000000050017000090080041000260100017000670350024000840400033001080420007001410500019001480820016001671100051001832450115002342600054003492650080004033000020004833100011005035000054005145300074005686100064006427760091007067800103007971127524219981125112657.0800628c19749999sz ar eng d a 83645630  a(OCoLC)ocm06469422  aICMcCcICMcCdDLCdNSTdATLA alc00aBX6b.W67 19760 a270.8/22192 aWorld Council of Churches.bCentral Committee.10aMinutes of the thirty-ninth meeting /cCentral Committee of the World Council of Churches.b10-18 August 1976 aGeneva, Switzerland :bWorld Council of Churches, aWorld Council of Churches, 150 route de Ferney, 1211 Geneva 20, Switzerland a114 p.;c21 cm. aAnnual aDescription based on: 30th (28 July-6 Aug. 1977). aIssued also on microfilm by American Theological Library Association.20aWorld Council of Churches.bCentral CommitteexPeriodicals.1 cMicrofilmdAmerican Theological Library Associationw(DLC)sn 98016421w(OCoLC)4040025400aWorld Council of Churches. Central Committee.tMinutes and reports of the meetingw(OCoLC)3890897